| 000 | 00399nam a2200145 a 4500 | ||
|---|---|---|---|
| 005 | 20140412111323.0 | ||
| 008 | 001113s19uu xx 00 eng d | ||
| 020 | _a0-307-11860-6 | ||
| 050 |
_aM 398.6 _bS543 1981 |
||
| 245 |
_aThe Silly riddle book with pictures / _cR. W. Alley. |
||
| 260 |
_aNew York : _bA Golden Book, _c1981. |
||
| 300 | _a[23] p. ; ill. | ||
| 650 | _aRiddles | ||
| 999 |
_c104458 _d104458 |
||